Statistics for Food & Drink Brand Logos

Click here to take the quiz!

General Stats

  • This quiz has been taken 22,831 times
    (22,813 since last reset)
  • The average score is 13 of 16

Answer Stats

Answer% Correct
Mc Donald's
99%
KFC
87%
Pepsi
86%
Coca-Cola
85%
Pringles
85%
Taco Bell
85%
Pizza Hut
84%
Sprite
84%
Burger King
83%
Dunkin' Donuts
83%
Lays
83%
Lipton
82%
Nestlé
74%
Kellogg's
72%
Heineken
67%
Knorr
50%

Score Distribution

Percentile by Number Answered

Percent of People with Each Score

Your Score History

You have not taken this quiz since the last reset